|
|
|
|
| LEADER |
00000nam0a2200000 4500 |
| 001 |
349955 |
| 005 |
20231102010243.0 |
| 035 |
|
|
|a (RuTPU)RU\TPU\retro\3284
|
| 035 |
|
|
|a RU\TPU\book\119722
|
| 090 |
|
|
|a 349955
|
| 100 |
|
|
|a 20181015e1830 c y0rusy50 ca
|
| 101 |
0 |
|
|a rus
|
| 102 |
|
|
|a RU
|
| 105 |
|
|
|a a z 001fy
|
| 200 |
1 |
|
|a Песни и романсы
|f А. Ф. Мерзляков
|
| 210 |
|
|
|a Москва
|c Типография С. Селивановского
|d 1830
|
| 215 |
|
|
|a 110 с.
|c ил.
|d 16 см.
|
| 300 |
|
|
|a Факсимильное воспроизведение книги, выпущенной издательством "Книга"
|
| 300 |
|
|
|a Факсимильное издание и приложение к нему в одной суперобложке, нумерация стр. раздельная.
|
| 316 |
|
|
|5 63413507: 88-8529
|a Издание под одной суперобложкой
|
| 423 |
|
|
|t Поэт и песня
|o сопроводительная статья
|f авт. сопр. статьи С. М. Магидсон
|c Москва
|n Книга
|d 1988
|p 63 с.
|
| 606 |
|
|
|a Русская литература, дореволюционная
|2 stltpush
|3 (RuTPU)RU\TPU\subj\26371
|9 50314
|
| 610 |
1 |
|
|a песни
|
| 610 |
1 |
|
|a романсы
|
| 610 |
1 |
|
|a композиторы
|
| 610 |
1 |
|
|a биография
|
| 610 |
1 |
|
|a поэзия
|
| 610 |
1 |
|
|a миниатюрные издания
|
| 610 |
1 |
|
|a стихи
|
| 610 |
1 |
|
|a писатели
|
| 610 |
1 |
|
|a гравюры
|
| 686 |
|
|
|a Р1
|2 rubbk
|
| 700 |
|
1 |
|a Мерзляков
|b А. Ф.
|c русский поэт
|c переводчик
|c критик
|f 1778-1830
|g Алексей Федорович
|2 stltpush
|3 (RuTPU)RU\TPU\pers\11914
|9 3023
|
| 801 |
|
1 |
|a RU
|b 63413507
|c 20070302
|g PSBO
|
| 801 |
|
2 |
|a RU
|b 63413507
|c 20181214
|g PSBO
|
| 942 |
|
|
|c BK
|